000 00842cam a2200241 a 4500
005 20260322212026.0
008 data
010 _a 96151432
020 _a0028608488 :
_c{dollar}14.95
020 _a9780028608488 :
_c{dollar}14.95
040 _aIaDa
_cIaDa
_dDLC
_dDLC
042 _alccopycat
050 0 0 _aGV867
_b.B26 1996
092 _a796.357 B26 1996
100 1 _aBakalar, Nick.
245 1 4 _aThe baseball fan's companion :
_bhow to master the subtleties of the world's most complex team sport and learn to watch the game like an expert /
_cNick Bakalar.
260 _aNew York, NY :
_bMacmillan,
_cc1996.
300 _axiv, 210 p. :
_bill. ;
_c24 cm.
500 _aSubtitle on cover: How to watch the game like an expert.
504 _aIncludes bibliographical references (p. 203-205) and index.
650 0 _aBaseball.
001 data
999 _c590
_d590